The making and working of Indian constitution / (Record no. 26258)

MARC details
000 -LEADER
fixed length control field 00966nam a22002417a 4500
005 - DATE AND TIME OF LATEST TRANSACTION
control field 20090616111748.0
008 - FIXED-LENGTH DATA ELEMENTS--GENERAL INFORMATION
fixed length control field 090512t xxu||||| |||| 00| 0 eng d
010 ## - LCCN (DPL NO)
LC control number ENG-94033
020 ## - INTERNATIONAL STANDARD BOOK NUMBER
International Standard Book Number 9788123755489
Terms of availability 70.00
035 ## - SYSTEM CONTROL NUMBER
System control number EN-77566
037 ## - SOURCE OF ACQUISITION
Source of stock number/acquisition DBAD / PUB
040 ## - CATALOGING SOURCE
Original cataloging agency dpl
Language of cataloging English
082 ## - DEWEY DECIMAL CLASSIFICATION NUMBER
Classification number 342.54
100 ## - MAIN ENTRY--PERSONAL NAME
Personal name Chaube, Shibani Kinkar
245 ## - TITLE STATEMENT
Title The making and working of Indian constitution /
Statement of responsibility, etc by Shibani Kinkar Chaube
Medium English
260 ## - PUBLICATION, DISTRIBUTION, ETC. (IMPRINT)
Place of publication, distribution, etc New Delhi
Name of publisher, distributor, etc National Book Trust
Date of publication, distribution, etc 2009
270 ## - ADDRESS
Address Nehru Bhawan,5 Institutional Area,Phase-II, Vasant Kunj,
City New Delhi
Postal code 110070
300 ## - PHYSICAL DESCRIPTION
Extent ix, 285p.
Dimensions 22cm(pbk)
490 ## - SERIES STATEMENT
Series statement India-the land and the people
500 ## - GENERAL NOTE
General note Includes bibliographical references and index
942 ## - ADDED ENTRY ELEMENTS (KOHA)
Source of classification or shelving scheme Dewey Decimal Classification
Item type English Books
Call number suffix CHA
Classification part 342.54
Holdings
Withdrawn status Lost status Source of classification or shelving scheme Damaged status Not for loan Collection code Home library Current library Date acquired Source of acquisition Cost, normal purchase price Total Checkouts Full call number Barcode Date last seen Copy number Cost, replacement price Koha item type
    Dewey Decimal Classification   Not For Loan Non-fiction D.B.Act.Division D.B.Act.Division 12/05/2009 DBAD / PUB 70.00   342.54 CHA EN-77566 12/05/2009 1 70.00 English Books

© Delhi Public Library
Hit Counter
free hit counter